|
|
|
|
| LEADER |
00707nam a2200205Ia 4500 |
| 001 |
CTU_128071 |
| 008 |
210402s9999 xx 000 0 und d |
| 020 |
|
|
|c 36000
|
| 082 |
|
|
|a 621.8
|
| 082 |
|
|
|b Đ302
|
| 100 |
|
|
|a Trần, Văn Địch
|
| 245 |
|
0 |
|a Thiết kế đồ án công nghệ chế tạo máy :
|
| 245 |
|
0 |
|b (Giáo trình cho sinh viên cơ khí)
|
| 245 |
|
0 |
|c Trần Văn Địch
|
| 260 |
|
|
|a Hà Nội
|
| 260 |
|
|
|b Khoa học và kỹ thuật
|
| 260 |
|
|
|c 2007
|
| 650 |
|
|
|a Machine design,Machine parts,Mechanical engineering,Thiết kế máy,Chi tiết máy
|
| 904 |
|
|
|i Tuyến
|
| 980 |
|
|
|a Trung tâm Học liệu Trường Đại học Cần Thơ
|